Derecho aduanero comparado / (Registro nro. 7233)

Detalles MARC
000 -LEADER
fixed length control field 02006nam a22002777a 4500
003 - CONTROL NUMBER IDENTIFIER
control field OSt
005 - DATE AND TIME OF LATEST TRANSACTION
control field 20210218114204.0
008 - FIXED-LENGTH DATA ELEMENTS--GENERAL INFORMATION
fixed length control field 210218b ||||| |||| 00| 0 eng d
020 ## - INTERNATIONAL STANDARD BOOK NUMBER
International Standard Book Number 9586351858
040 ## - CATALOGING SOURCE
Original cataloging agency CO-JMCR
Transcribing agency CO-JMCR
041 0# - LANGUAGE CODE
Language code of text/sound track or separate title spa
082 04 - DEWEY DECIMAL CLASSIFICATION NUMBER
Classification number 340.2 /
Item number M515d
Edition number 23
100 1# - MAIN ENTRY--PERSONAL NAME
Personal name Meisel Lanner, Roberto,
Relator term autor
9 (RLIN) 13623
245 10 - TITLE STATEMENT
Title Derecho aduanero comparado /
Statement of responsibility, etc. Roberto Meisel Lanner
250 ## - EDITION STATEMENT
Edition statement Primera edición
260 ## - PUBLICATION, DISTRIBUTION, ETC.
Place of publication, distribution, etc. Bogotá :
Name of publisher, distributor, etc. Librería del Profesional,
Date of publication, distribution, etc. 1991
300 ## - PHYSICAL DESCRIPTION
Extent 256 páginas ;
Dimensions 23 cm.
500 ## - GENERAL NOTE
General note Incluye notas a pie de página.<br/>"Y su vinculación con El Pacto Andino, G.A.T.T, empresas multinacionales, Derecho Aeronáutico"--Tapa
504 ## - BIBLIOGRAPHY, ETC. NOTE
Bibliography, etc. note Bibliografía: [253]-254
505 0# - FORMATTED CONTENTS NOTE
Formatted contents note Orígenes del derecho comparado -- El derecho aduanero comparado frente al contrabando -- El derecho aduanero comparado frente al derecho aeronáutico internacional -- El derecho aduanero comparado frente al derecho marítimo internacional -- El derecho aduanero comparado frente al G.A.T.T -- El derecho aduanero comparado frente al pacto andino -- El derecho aduanero comparado frente a las empresas multinacionales -- El derecho aduanero comparado frente a la comunidad económica europea -- El derecho aduanero comparado frente a la apertura económica de Colombia
520 3# - SUMMARY, ETC.
Summary, etc. El abogado Roberto Meisel Lanner, especialista en cuestiones aduaneras y comercio internacional, presenta a consideración de expertos en Comercio Exterior en plena apertura económica una autorizada monografía en torno a la problemática de la comparación jurídica trasladada a la esfera de Derecho Aduanero o a nivel mundial y sus instituciones: G.A.T.T, sociedades multinacionales, Pacto Andino, transporte aéreo, transporte marítimo, etc. Es un estudio interesante y permite conocer mejor tales instituciones.
650 14 - SUBJECT ADDED ENTRY--TOPICAL TERM
Topical term or geographic name entry element Derecho comparado
9 (RLIN) 2139
650 14 - SUBJECT ADDED ENTRY--TOPICAL TERM
Topical term or geographic name entry element Derecho aduanero
Geographic subdivision Colombia
9 (RLIN) 13624
650 14 - SUBJECT ADDED ENTRY--TOPICAL TERM
Topical term or geographic name entry element Aduanas
General subdivision legislación
Geographic subdivision Colombia
9 (RLIN) 8452
942 ## - ADDED ENTRY ELEMENTS (KOHA)
Source of classification or shelving scheme Dewey Decimal Classification
Koha item type Books
Existencias
Withdrawn status Lost status Source of classification or shelving scheme Damaged status Not for loan Collection code Home library Current library Date acquired Source of acquisition Total Checkouts Full call number Barcode Date last seen Date last checked out Copy number Price effective from Koha item type
    Dewey Decimal Classification     Non-fiction Biblioteca Pública José María del Castillo y Rada Biblioteca Pública José María del Castillo y Rada 10/02/2020 Donación 1 340.2 / M515d 201810349 07/30/2025 07/29/2025 Ej.1 02/18/2021 Books